| 000 | 00000nas 2200000zi 4500 |
| 001 | 9.930525 |
| 003 | CaOODSP |
| 005 | 20250815145033 |
| 006 | m o d f |
| 007 | cr ||||||||||| |
| 008 | 231120c20239999abcar p o f0###a0eng|d |
| 022 | |z2561-0996 |
| 040 | |aCaOODSP|beng|erda|cCaOODSP |
| 043 | |an-cn--- |
| 086 | 1 |aIu98-1/8E-PDF |
| 110 | 1 |aCanada. |bPrairies Economic Development Canada, |eauthor, |eissuing body. |
| 245 | 10|a... departmental results report / |cPrairies Economic Development Canada. |
| 264 | 1|a[Edmonton] : |bPrairies Economic Development Canada = Développement économique Canada pour les Prairies, |c[2023]- |
| 310 | |aAnnual |
| 336 | |atext|btxt|2rdacontent |
| 337 | |acomputer|bc|2rdamedia |
| 338 | |aonline resource|bcr|2rdacarrier |
| 362 | 1 |aBegan with 2022-23. |
| 500 | |aIssued also in French under title: Rapport sur les résultats ministériels ... |
| 588 | |aDescription based on: 2022-23. |
| 588 | |aLatest issue consulted: 2022-23. |
| 610 | 10|aCanada. |bPrairies Economic Development Canada|vPeriodicals. |
| 650 | 0|aExpenditures, Public|vPeriodicals. |
| 655 | 7|aPeriodicals|2lcgft |
| 775 | 08|tRapport sur les résultats ministériels ... / |w(CaOODSP)9.930534 |
| 780 | 00|tDepartmental results report / |w(CaOODSP)9.837559 |